[Event "Speed Chess Poland"]
[Site "Chess.com INT"]
[Date "2024.01.23"]
[Round "1.18"]
[White "Krzyzanowski, Marcin"]
[Black "Miton, Kamil"]
[Result "1-0"]
[WhiteElo "2519"]
[BlackElo "2568"]
[PlyCount "77"]
[EventDate "2024.01.19"]
[EventType "k.o. (blitz)"]
[EventRounds "4"]
[EventCountry "POL"]
[SourceTitle "CB05_2024"]
[SourceDate "2024.01.31"]
[SourceVersion "1"]
[SourceVersionDate "2024.01.31"]
[SourceQuality "1"]

1. e4 e6 2. d4 d5 3. Nc3 dxe4 4. Nxe4 Bd7 5. Ng3 Bc6 6. h4 Nd7 7. h5 h6 8. Nf3 Ngf6 9. Bd3 Bd6 10. Qe2 0-0 11. Ne5 Bd5 12. c4 Bc6 13. Kf1 Nxe5 14. dxe5 Bxe5 15. Be3 Bd4 16. Rd1 e5 17. Bb1 Re8 18. Nf5 Qd7 19. Rh3 Be4 20. Bxe4 Nxe4 21. Qg4 Qxf5 22. Qxf5 Nd6 23. Qc2 c5 24. Rg3 Kh8 25. b4 b6 26. bxc5 bxc5 27. Re1 f5 28. Rg6 Ne4 29. g4 Rab8 30. gxf5 Nf6 31. Bxd4 cxd4 32. Qd2 Rb6 33. c5 Rc6 34. f4 Rxc5 35. fxe5 Rcxe5 36. Rxe5 Rxe5 37. Rxf6 gxf6 38. Qxh6+ Kg8 39. Qg6+ 1-0

[Event "Speed Chess Poland"]
[Site "Chess.com INT"]
[Date "2024.01.23"]
[Round "1.1"]
[White "Miton, Kamil"]
[Black "Krzyzanowski, Marcin"]
[Result "1-0"]
[WhiteElo "2568"]
[BlackElo "2519"]
[PlyCount "73"]
[EventDate "2024.01.19"]
[EventType "k.o. (blitz)"]
[EventRounds "4"]
[EventCountry "POL"]
[SourceTitle "CB05_2024"]
[SourceDate "2024.01.31"]
[SourceVersion "1"]
[SourceVersionDate "2024.01.31"]
[SourceQuality "1"]

1. d4 Nf6 2. c4 e6 3. Nf3 d5 4. g3 Bb4+ 5. Bd2 Be7 6. Bg2 0-0 7. Qb3 c6 8. 0-0 a5 9. Rc1 a4 10. Qd1 Nbd7 11. Bf4 Ne4 12. Nc3 Nxc3 13. Rxc3 dxc4 14. Rxc4 Nb6 15. Rcc1 a3 16. b3 Bb4 17. Ne5 Nd5 18. Bd2 Bxd2 19. Qxd2 Qe7 20. Nd3 Rd8 21. e3 Bd7 22. Rab1 Be8 23. b4 Nb6 24. Qc3 Nd5 25. Qc5 Qc7 26. b5 Qa5 27. b6 Qd2 28. Qc2 Qa5 29. Nc5 Rab8 30. Qb3 h6 31. Bxd5 exd5 32. Qc3 Qxc3 33. Rxc3 f6 34. Rxa3 Bg6 35. Rbb3 Re8 36. Ra7 Re7 37. a4 1-0

[Event "Speed Chess Poland"]
[Site "Chess.com INT"]
[Date "2024.01.23"]
[Round "1.13"]
[White "Miton, Kamil"]
[Black "Krzyzanowski, Marcin"]
[Result "0-1"]
[WhiteElo "2568"]
[BlackElo "2519"]
[PlyCount "94"]
[EventDate "2024.01.19"]
[EventType "k.o. (blitz)"]
[EventRounds "4"]
[EventCountry "POL"]
[SourceTitle "CB05_2024"]
[SourceDate "2024.01.31"]
[SourceVersion "1"]
[SourceVersionDate "2024.01.31"]
[SourceQuality "1"]

1. d4 Nf6 2. c4 e6 3. Nf3 d5 4. g3 dxc4 5. Bg2 a6 6. 0-0 Nc6 7. Nc3 Rb8 8. e4 b5 9. Qe2 Be7 10. Rd1 0-0 11. d5 exd5 12. e5 d4 13. exf6 Bxf6 14. Ne4 d3 15. Nxf6+ Qxf6 16. Qd2 Re8 17. Qf4 Nb4 18. Qxf6 gxf6 19. Bf4 Nd5 20. Bd2 c5 21. Nh4 Be6 22. Nf5 Bxf5 23. Bxd5 Bg4 24. Re1 Be2 25. Kg2 b4 26. Bxc4 a5 27. Be3 Rbd8 28. Rxe2 dxe2 29. Re1 Re4 30. b3 a4 31. Rxe2 a3 32. Re1 Re5 33. Rc1 Rxe3 34. fxe3 Rd2+ 35. Kf3 Rxa2 36. Rd1 Rxh2 37. Rd8+ Kg7 38. Rd7 f5 39. Rxf7+ Kg6 40. Rc7 a2 41. Ra7 Kg5 42. e4 Rc2 43. Be6 c4 44. Ke3 cxb3 45. Kd4 Rd2+ 46. Ke5 fxe4 47. Bxb3 e3 0-1

[Event "Titled Tuesday intern op 23rd Jan Late"]
[Site "Chess.com INT"]
[Date "2024.01.23"]
[Round "11"]
[White "Rogov, Matfey"]
[Black "Krzyzanowski, Marcin"]
[Result "0-1"]
[WhiteElo "2200"]
[BlackElo "2519"]
[PlyCount "104"]
[EventDate "2024.01.23"]
[EventType "swiss (blitz)"]
[EventRounds "11"]
[EventCountry "USA"]
[SourceTitle "CB05_2024"]
[SourceDate "2024.01.31"]
[SourceVersion "1"]
[SourceVersionDate "2024.01.31"]
[SourceQuality "1"]

1. e4 e5 2. Nf3 Nc6 3. c3 Qe7 4. Bb5 d6 5. d4 Bd7 6. 0-0 Nf6 7. Bg5 h6 8. Bxf6 Qxf6 9. Na3 Be7 10. dxe5 dxe5 11. Nc4 Rd8 12. Qe2 Bd6 13. Rad1 0-0 14. Nxd6 cxd6 15. Nd2 Be6 16. Nc4 Qg6 17. f3 Bxc4 18. Bxc4 Kh8 19. Bd5 f5 20. Qb5 Ne7 21. Qxb7 Nxd5 22. Qxd5 Qf6 23. b3 Rd7 24. c4 Rfd8 25. exf5 Qxf5 26. Qe4 Qg5 27. Rd5 Rf8 28. Qg4 Qe3+ 29. Kh1 Rdf7 30. Rxd6 e4 31. Re6 Qd3 32. Rg1 exf3 33. gxf3 Qc3 34. f4 Rxf4 35. Qg3 Rf3 36. Qg4 Rf1 37. Re2 Rxg1+ 38. Kxg1 Qc1+ 39. Kg2 Qf1+ 40. Kg3 Qg1+ 41. Kh3 Qf1+ 42. Rg2 Rf3+ 43. Kh4 Rf7 44. Qc8+ Kh7 45. Qg4 g5+ 46. Kh5 Qe1 47. Rg3 Rf4 48. Qd7+ Kg8 49. Kg6 Qe4+ 50. Kxh6 Rh4+ 51. Kxg5 Qf4+ 52. Kg6 Rh6# 0-1

[Event "Titled Tuesday intern op 16th Jan Late"]
[Site "Chess.com INT"]
[Date "2024.01.16"]
[Round "10"]
[White "Bluebaum, Matthias"]
[Black "Krzyzanowski, Marcin"]
[Result "1-0"]
[WhiteElo "2655"]
[BlackElo "2519"]
[PlyCount "91"]
[EventDate "2024.01.16"]
[EventType "swiss (blitz)"]
[EventRounds "11"]
[EventCountry "USA"]
[SourceTitle "CB04_2024"]
[SourceDate "2023.10.16"]
[SourceVersion "1"]
[SourceVersionDate "2023.10.16"]
[SourceQuality "1"]

1. d4 Nf6 2. c4 d6 3. Nf3 g6 4. Nc3 Bf5 5. d5 Bg7 6. Nd4 Bd7 7. e4 c5 8. Nc2 0-0 9. Be2 e6 10. 0-0 e5 11. f4 exf4 12. Bxf4 Qe7 13. Bf3 Ne8 14. Qd2 Be5 15. Rae1 Ng7 16. h3 a6 17. a4 Be8 18. Bg4 Nd7 19. Bxd7 Bxd7 20. Bxe5 Qxe5 21. Qf4 Rae8 22. Qf6 Nh5 23. Qxe5 Rxe5 24. g4 Ng7 25. Kg2 Rfe8 26. Rf6 h5 27. Rxd6 Bc8 28. Kg3 hxg4 29. hxg4 Rg5 30. Ne3 Rge5 31. Rf6 Rg5 32. Kf4 Rge5 33. a5 Bd7 34. Nf1 Rh5 35. Rd6 Rh3 36. Rxd7 f6 37. Ng3 f5 38. gxf5 gxf5 39. e5 Rh4+ 40. Kf3 Rxc4 41. e6 f4 42. Rxg7+ Kxg7 43. Nf5+ Kf6 44. Nd6 Rxc3+ 45. bxc3 Rh8 46. e7 1-0

[Event "Titled Tuesday intern op 16th Jan Early"]
[Site "Chess.com INT"]
[Date "2024.01.16"]
[Round "7"]
[White "Krzyzanowski, Marcin"]
[Black "Lund, Gunnar"]
[Result "1-0"]
[WhiteElo "2519"]
[BlackElo "2321"]
[PlyCount "81"]
[EventDate "2024.01.16"]
[EventType "swiss (blitz)"]
[EventRounds "11"]
[EventCountry "USA"]
[SourceTitle "CB04_2024"]
[SourceDate "2023.10.16"]
[SourceVersion "1"]
[SourceVersionDate "2023.10.16"]
[SourceQuality "1"]

1. Nf3 d5 2. g3 Nf6 3. Bg2 e6 4. 0-0 c5 5. c4 dxc4 6. Qa4+ Nbd7 7. Qxc4 Be7 8. Qc2 0-0 9. Nc3 a6 10. d4 b5 11. dxc5 Nxc5 12. b4 Nb7 13. Rd1 Qc7 14. Bf4 Bd6 15. Rxd6 Nxd6 16. Rd1 Nd5 17. Ng5 g6 18. Bxd5 exd5 19. Qd2 Bb7 20. Nxd5 Bxd5 21. Qxd5 Qe7 22. Bxd6 Qxe2 23. Bxf8 Rxf8 24. Ne4 h5 25. Qd4 f5 26. Ng5 Re8 27. Qd5+ Kg7 28. Nh3 Re7 29. Nf4 Qe5 30. Qxe5+ Rxe5 31. Rd7+ Kf6 32. Rd6+ Kf7 33. Rxg6 Re4 34. Rxa6 h4 35. Kg2 h3+ 36. Kxh3 Rxb4 37. Kg2 Re4 38. h4 Rd4 39. h5 b4 40. h6 Rd6 41. Rxd6 1-0

[Event "Titled Tuesday intern op 16th Jan Early"]
[Site "Chess.com INT"]
[Date "2024.01.16"]
[Round "10"]
[White "Krzyzanowski, Marcin"]
[Black "Rosen, Eric S"]
[Result "1/2-1/2"]
[WhiteElo "2519"]
[BlackElo "2361"]
[PlyCount "135"]
[EventDate "2024.01.16"]
[EventType "swiss (blitz)"]
[EventRounds "11"]
[EventCountry "USA"]
[SourceTitle "CB04_2024"]
[SourceDate "2023.10.16"]
[SourceVersion "1"]
[SourceVersionDate "2023.10.16"]
[SourceQuality "1"]

1. Nf3 d5 2. e3 Nf6 3. c4 e6 4. b3 a6 5. Bb2 b6 6. Nc3 Bb7 7. cxd5 exd5 8. Qc2 Nbd7 9. Ne2 c5 10. Ng3 g6 11. Be2 Bg7 12. 0-0 0-0 13. d4 Rc8 14. dxc5 bxc5 15. Rfd1 Qb6 16. Rac1 Rfd8 17. Qb1 Bc6 18. Qa1 a5 19. Ne5 Nxe5 20. Bxe5 Ne8 21. Bf3 d4 22. Bxg7 Nxg7 23. Bxc6 Rxc6 24. exd4 cxd4 25. Rxc6 Qxc6 26. Rxd4 Rxd4 27. Qxd4 Qc1+ 28. Nf1 Ne6 29. Qd2 Qc5 30. Ne3 Nf4 31. h3 Qc1+ 32. Qxc1 Ne2+ 33. Kf1 Nxc1 34. Nc4 Nxa2 35. Nxa5 Nb4 36. Ke2 Kg7 37. Nc4 Kf6 38. Kd2 Kf5 39. Kc3 Nd5+ 40. Kd4 Ke6 41. Ne3 Nf4 42. b4 f5 43. b5 Kd6 44. h4 Ne6+ 45. Kc4 h6 46. h5 f4 47. Ng4 gxh5 48. Nxh6 h4 49. Nf5+ Ke5 50. Nxh4 Ke4 51. Nf3 Nc7 52. Kc5 Ne6+ 53. Kc6 Kd3 54. b6 Nd8+ 55. Kc7 Ne6+ 56. Kd6 Nd8 57. Ke5 Kc4 58. Kxf4 Kc5 59. g4 Kxb6 60. Ke5 Kc6 61. Kf6 Kd6 62. g5 Ne6 63. g6 Nc7 64. g7 Kc6 65. g8Q Kb7 66. Qf7 Kb8 67. Qxc7+ Ka8 68. Ne5 1/2-1/2

[Event "Titled Tuesday intern op 16th Jan Late"]
[Site "Chess.com INT"]
[Date "2024.01.16"]
[Round "6"]
[White "Krzyzanowski, Marcin"]
[Black "Svane, Rasmus"]
[Result "1/2-1/2"]
[WhiteElo "2519"]
[BlackElo "2637"]
[PlyCount "161"]
[EventDate "2024.01.16"]
[EventType "swiss (blitz)"]
[EventRounds "11"]
[EventCountry "USA"]
[SourceTitle "CB04_2024"]
[SourceDate "2023.10.16"]
[SourceVersion "1"]
[SourceVersionDate "2023.10.16"]
[SourceQuality "1"]

1. e4 c6 2. d4 d5 3. e5 Bf5 4. c4 e6 5. Nc3 Ne7 6. h3 Nd7 7. a3 h6 8. Nf3 dxc4 9. Bxc4 Nb6 10. Bb3 Ned5 11. Bd2 Be7 12. 0-0 0-0 13. Qe2 Rc8 14. Ne4 Nd7 15. Rad1 Qb6 16. Bc4 Rfd8 17. b4 Nf8 18. Ng3 Bh7 19. Bd3 Bxd3 20. Qxd3 Qb5 21. Qe4 b6 22. Nh5 f5 23. exf6 Nxf6 24. Nxf6+ Bxf6 25. Rfe1 Qf5 26. Rc1 Qxe4 27. Rxe4 Rd5 28. Bf4 Ng6 29. Bg3 Kf7 30. Rce1 Re8 31. Rc1 Rc8 32. Rce1 Nf8 33. Ne5+ Bxe5 34. Bxe5 Ng6 35. Bg3 Re8 36. Rc1 Ne7 37. Be5 a5 38. Rf4+ Kg8 39. Rg4 g6 40. Rf4 axb4 41. axb4 Rf8 42. Re4 Kf7 43. Ra1 Rfd8 44. Rf4+ Ke8 45. Ra6 Rb5 46. Rf6 Rxb4 47. Rxe6 Kf7 48. Rf6+ Ke8 49. Ra7 Rd7 50. Ra6 Rb1+ 51. Kh2 Rb2 52. f4 Re2 53. h4 Rb2 54. h5 gxh5 55. Rxh6 Nf5 56. Ra8+ Ke7 57. Rh7+ Ke6 58. Re8+ Re7 59. Rexe7+ Nxe7 60. Rxh5 Nf5 61. Rg5 b5 62. Kh3 Rb3+ 63. Kh2 Rb2 64. Kh3 Rb3+ 65. Kh2 b4 66. g4 Nh4 67. Rg6+ Kd5 68. Rd6+ Ke4 69. f5 Nf3+ 70. Kg2 Nxe5 71. dxe5 Kxe5 72. Re6+ Kf4 73. f6 Kxg4 74. Rxc6 Rg3+ 75. Kf2 Rf3+ 76. Ke2 Rf5 77. Rb6 Kg5 78. Rxb4 Kxf6 79. Ke3 Re5+ 80. Re4 Rxe4+ 81. Kxe4 1/2-1/2

[Event "Titled Tuesday intern op 16th Jan Late"]
[Site "Chess.com INT"]
[Date "2024.01.16"]
[Round "9"]
[White "Krzyzanowski, Marcin"]
[Black "Xiong, Jeffery"]
[Result "0-1"]
[WhiteElo "2519"]
[BlackElo "2659"]
[PlyCount "64"]
[EventDate "2024.01.16"]
[EventType "swiss (blitz)"]
[EventRounds "11"]
[EventCountry "USA"]
[SourceTitle "CB04_2024"]
[SourceDate "2023.10.16"]
[SourceVersion "1"]
[SourceVersionDate "2023.10.16"]
[SourceQuality "1"]

1. e4 c5 2. Nf3 d6 3. d4 cxd4 4. Nxd4 Nf6 5. Nc3 a6 6. Be2 e5 7. Nb3 Be7 8. 0-0 0-0 9. Qd3 a5 10. a4 Na6 11. Nd5 Nxd5 12. exd5 f5 13. f4 e4 14. Qd1 Bf6 15. Kh1 Bd7 16. c3 Qe8 17. Nd4 Nc5 18. Nb5 Qe7 19. Be3 Rac8 20. Ra3 Kh8 21. Qd2 Rfe8 22. b4 Nd3 23. bxa5 h6 24. Nd4 Qf7 25. Bxd3 exd3 26. Qxd3 Qxd5 27. Bg1 Bc6 28. Qg3 Qc4 29. Nxc6 Qxf1 30. Nd4 Bxd4 31. cxd4 Rc1 32. Qf2 Qxf2 0-1

[Event "Titled Tuesday intern op 16th Jan Late"]
[Site "Chess.com INT"]
[Date "2024.01.16"]
[Round "5"]
[White "Ozates, Tuna"]
[Black "Krzyzanowski, Marcin"]
[Result "0-1"]
[WhiteElo "2290"]
[BlackElo "2519"]
[PlyCount "72"]
[EventDate "2024.01.16"]
[EventType "swiss (blitz)"]
[EventRounds "11"]
[EventCountry "USA"]
[SourceTitle "CB04_2024"]
[SourceDate "2023.10.16"]
[SourceVersion "1"]
[SourceVersionDate "2023.10.16"]
[SourceQuality "1"]

1. e4 e5 2. Nf3 Nc6 3. Bc4 Nf6 4. d3 h6 5. 0-0 d6 6. a4 g6 7. a5 a6 8. Nc3 Bg7 9. Be3 0-0 10. h3 Kh7 11. d4 Qe8 12. Nd5 Nxd5 13. exd5 exd4 14. Nxd4 Nxd4 15. Bxd4 Bxd4 16. Qxd4 Qe5 17. Qxe5 dxe5 18. b4 f5 19. Bb3 Kg7 20. c4 Bd7 21. Rad1 Rad8 22. c5 Bb5 23. Rfe1 e4 24. Rd4 Kf6 25. f4 g5 26. fxg5+ hxg5 27. g4 Ke5 28. Rd2 fxg4 29. Rg2 Rf4 30. Re3 Rh8 31. Rxg4 Rxg4+ 32. hxg4 Kf4 33. Re1 e3 34. d6 cxd6 35. cxd6 Bc6 36. Rf1+ Kg3 0-1

[Event "Titled Tuesday intern op 16th Jan Late"]
[Site "Chess.com INT"]
[Date "2024.01.16"]
[Round "1"]
[White "Redzisz, Michal"]
[Black "Krzyzanowski, Marcin"]
[Result "0-1"]
[WhiteElo "2219"]
[BlackElo "2519"]
[PlyCount "44"]
[EventDate "2024.01.16"]
[EventType "swiss (blitz)"]
[EventRounds "11"]
[EventCountry "USA"]
[SourceTitle "CB04_2024"]
[SourceDate "2023.10.16"]
[SourceVersion "1"]
[SourceVersionDate "2023.10.16"]
[SourceQuality "1"]

1. d4 Nf6 2. c4 d6 3. Nf3 g6 4. g3 Bg7 5. Bg2 0-0 6. 0-0 c6 7. Nc3 Qb6 8. b3 Qa6 9. a4 d5 10. c5 b6 11. b4 bxc5 12. bxc5 Bf5 13. Bd2 Ne4 14. e3 Nd7 15. Nh4 Nxc3 16. Bxc3 Bd3 17. Re1 Rab8 18. Bf1 Bxf1 19. Rxf1 Nxc5 20. Qc2 Qc4 21. dxc5 Qxc3 22. Ra2 Rb4 0-1

[Event "Titled Tuesday intern op 16th Jan Early"]
[Site "Chess.com INT"]
[Date "2024.01.16"]
[Round "8"]
[White "So, Wesley"]
[Black "Krzyzanowski, Marcin"]
[Result "1-0"]
[WhiteElo "2757"]
[BlackElo "2519"]
[PlyCount "91"]
[EventDate "2024.01.16"]
[EventType "swiss (blitz)"]
[EventRounds "11"]
[EventCountry "USA"]
[SourceTitle "CB04_2024"]
[SourceDate "2023.10.16"]
[SourceVersion "1"]
[SourceVersionDate "2023.10.16"]
[SourceQuality "1"]

1. b3 d5 2. Bb2 Nf6 3. Nf3 g6 4. c4 dxc4 5. bxc4 c5 6. g3 Bg7 7. Bg2 0-0 8. 0-0 Nc6 9. Ne5 Nxe5 10. Bxe5 Ne8 11. Bxg7 Nxg7 12. Nc3 Rb8 13. Qa4 a6 14. d3 Nf5 15. Rab1 h5 16. Ne4 Nd4 17. e3 Ne6 18. Qa3 Qc7 19. f4 f5 20. Nc3 Kh7 21. Nd5 Qd8 22. Nb6 Bd7 23. Bd5 Rf6 24. Nxd7 Qxd7 25. Rb6 Nxf4 26. Rxf6 Nxd5 27. Rf7+ Kg8 28. Qxc5 Kxf7 29. cxd5 Qd6 30. Qd4 Qf6 31. Qf4 Rc8 32. e4 Qd4+ 33. Kh1 Qxd3 34. exf5 Qxd5+ 35. Kg1 gxf5 36. Qg5 Qd4+ 37. Rf2 Rc5 38. Qxh5+ Ke6 39. Kg2 Qe4+ 40. Kh3 Kd6 41. Re2 Qd5 42. Qh6+ Kc7 43. Rxe7+ Kb8 44. a4 Ka7 45. Qe3 Kb8 46. a5 1-0

[Event "Titled Tuesday intern op 09th Jan Early"]
[Site "Chess.com INT"]
[Date "2024.01.09"]
[Round "4"]
[White "Chigaev, Maksim"]
[Black "Krzyzanowski, Marcin"]
[Result "1-0"]
[WhiteElo "2622"]
[BlackElo "2519"]
[PlyCount "75"]
[EventDate "2024.01.09"]
[EventType "swiss (blitz)"]
[EventRounds "11"]
[EventCountry "USA"]
[SourceTitle "CB03_2024"]
[SourceDate "2024.01.17"]
[SourceVersion "1"]
[SourceVersionDate "2024.01.17"]
[SourceQuality "1"]

1. c4 e5 2. Nc3 Nf6 3. Nf3 Nc6 4. g3 Bb4 5. Bg2 0-0 6. Nd5 a5 7. a3 Bc5 8. 0-0 h6 9. Nxe5 Nxe5 10. d4 Bd6 11. c5 Nc4 12. Nxf6+ Qxf6 13. cxd6 Nxd6 14. e4 Qe7 15. e5 Nf5 16. Re1 d6 17. Bf4 dxe5 18. Rxe5 Qd8 19. d5 Nd6 20. Rc1 a4 21. h4 Bf5 22. Qd4 Bh7 23. Re2 Qd7 24. Qc5 Rfc8 25. Rce1 b6 26. Qc6 Qxc6 27. dxc6 Nb5 28. Re7 Bf5 29. R1e5 Nd6 30. Re1 Nb5 31. Bd5 Bg6 32. Rd7 Re8 33. Rxe8+ Rxe8 34. Bxc7 Re1+ 35. Kg2 Nxc7 36. Rxc7 Rd1 37. Bf3 Bf5 38. Bxd1 1-0

[Event "Titled Tuesday intern op 09th Jan Early"]
[Site "Chess.com INT"]
[Date "2024.01.09"]
[Round "5"]
[White "Krzyzanowski, Marcin"]
[Black "Dushyant, Sharma"]
[Result "1-0"]
[WhiteElo "2519"]
[BlackElo "2357"]
[PlyCount "57"]
[EventDate "2024.01.09"]
[EventType "swiss (blitz)"]
[EventRounds "11"]
[EventCountry "USA"]
[SourceTitle "CB03_2024"]
[SourceDate "2024.01.17"]
[SourceVersion "1"]
[SourceVersionDate "2024.01.17"]
[SourceQuality "1"]

1. e4 d5 2. exd5 Nf6 3. d4 Bg4 4. Bb5+ c6 5. dxc6 Nxc6 6. Nf3 e6 7. h3 Bh5 8. Nc3 Be7 9. g4 Bg6 10. Ne5 Rc8 11. Bxc6+ bxc6 12. Nxg6 hxg6 13. Qf3 Qb6 14. Ne2 c5 15. c3 0-0 16. 0-0 Nd5 17. dxc5 Bxc5 18. Ng3 Rfd8 19. a4 a5 20. h4 Bd6 21. h5 Bxg3 22. Qxg3 gxh5 23. gxh5 Rc4 24. Bh6 g6 25. hxg6 f5 26. Qh3 Rg4+ 27. Kh1 Qc6 28. f3 Ne7 29. Bg5 1-0